[Event "EU-ch (Women) 24th"]
[Site "Rhodes"]
[Date "2024.04.22"]
[Round "4"]
[White "Kruchak, Lesia"]
[Black "Stojkovska, Monika"]
[Result "0-1"]
[WhiteElo "1843"]
[BlackElo "2057"]
[PlyCount "100"]
[EventDate "2024.04.19"]
[EventType "swiss"]
[EventRounds "10"]
[EventCountry "GRE"]
[SourceTitle "CB18_2024"]
[SourceDate "2024.05.01"]
[SourceVersion "1"]
[SourceVersionDate "2024.05.01"]
[SourceQuality "2"]

1. e4 e6 2. d4 d5 3. e5 c5 4. c3 Nc6 5. Nf3 Bd7 6. a3 cxd4 7. cxd4 Nge7 8. b4 b5 9. Nc3 a6 10. Bd3 Ng6 11. h4 Be7 12. g3 Qc7 13. Ne2 Bd8 14. Be3 Nge7 15. Nf4 Ng6 16. Nh3 f6 17. Rc1 Qb7 18. h5 Nf8 19. Bf4 Be7 20. 0-0 a5 21. Qe2 axb4 22. exf6 gxf6 23. axb4 Nxb4 24. Rc7 Qb6 25. Rxd7 Nxd7 26. Bxb5 Ra2 27. Bd2 Ra5 28. Bd3 Kf7 29. Nf4 Ra2 30. Bb1 Ra6 31. Re1 Qc6 32. h6 Qc4 33. Nd3 Rb6 34. Rc1 Qa6 35. Rc7 Nc6 36. Bc2 Rd8 37. Nh4 Bd6 38. Rxd7+ Rxd7 39. Qh5+ Ke7 40. Nf5+ exf5 41. Qxf5 Nxd4 42. Qxh7+ Kd8 43. Qg8+ Kc7 44. h7 Rb8 45. Qxb8+ Kxb8 46. h8Q+ Kc7 47. Bd1 Qxd3 48. Ba5+ Kb7 49. Qh5 Be5 50. Bg4 Rh7 0-1

[Event "Lvov Ukrainian Chess Warriors"]
[Site "Lvov"]
[Date "2024.03.15"]
[Round "5"]
[White "Hnatyshyn, Anastasiya"]
[Black "Kruchak, Lesia"]
[Result "1-0"]
[WhiteElo "2178"]
[BlackElo "1843"]
[PlyCount "73"]
[EventDate "2024.03.15"]
[EventType "swiss (rapid)"]
[EventRounds "8"]
[EventCountry "UKR"]
[SourceTitle "CB12_2024"]
[SourceDate "2023.10.01"]
[SourceVersion "1"]
[SourceVersionDate "2023.10.01"]
[SourceQuality "1"]

1. e4 c5 2. Nf3 e6 3. d4 cxd4 4. Nxd4 a6 5. Bd3 Qc7 6. Be3 Nf6 7. 0-0 Be7 8. Nd2 b5 9. f4 d6 10. Qe2 0-0 11. Rac1 Bb7 12. c4 b4 13. Bb1 Nbd7 14. Kh1 Nc5 15. Bg1 Rac8 16. Rf3 g6 17. Rh3 e5 18. N4f3 Ne6 19. g3 exf4 20. Nb3 Qc6 21. Na5 Qc7 22. Nxb7 Qxb7 23. b3 Rfd8 24. Re1 Bf8 25. Qd2 fxg3 26. hxg3 Bg7 27. Kg2 Ng4 28. Rf1 Bc3 29. Qd1 Nc5 30. Ng5 Nf6 31. Bd4 Ncxe4 32. Bxe4 Nxe4 33. Rxf7 Nf2+ 34. Rxb7 Nxd1 35. Rg7+ Kf8 36. Ne6+ Ke8 37. Rhxh7 1-0

[Event "Kiev Spring op"]
[Site "Kiev"]
[Date "2023.03.28"]
[Round "5"]
[White "Kruchak, Lesia"]
[Black "Marchenko, Artem"]
[Result "0-1"]
[WhiteElo "1780"]
[BlackElo "2264"]
[PlyCount "80"]
[EventDate "2023.03.25"]
[EventType "swiss"]
[EventRounds "9"]
[EventCountry "UKR"]
[SourceTitle "EXT 2024"]
[Source "ChessBase"]
[SourceDate "2023.10.10"]
[SourceVersion "1"]
[SourceVersionDate "2023.10.10"]
[SourceQuality "1"]

1. e4 c5 2. Nf3 e6 3. d4 cxd4 4. Nxd4 a6 5. Bd3 Qc7 6. Nc3 Nf6 7. Be3 b5 8. a3 Bb7 9. 0-0 Be7 10. Qe2 d6 11. Rad1 Nbd7 12. f3 Rc8 13. Qf2 Ne5 14. Qg3 g6 15. Kh1 h5 16. h4 Kf8 17. Nce2 Nc4 18. Nxe6+ fxe6 19. Nf4 Qd7 20. Nxg6+ Kf7 21. Nxh8+ Rxh8 22. Bd4 Rg8 23. Qf4 Ne5 24. Be2 Ng6 25. Qh2 Qc7 26. c3 Nd7 27. g3 Nde5 28. Qf2 Nc4 29. Bxc4 Qxc4 30. Rd2 e5 31. Be3 Qe6 32. Kh2 Bc8 33. Kh1 Qh3+ 34. Kg1 Nf4 35. Bxf4 exf4 36. g4 hxg4 37. fxg4 Rxg4+ 38. Qg2 Qe3+ 39. Rdf2 Rxg2+ 40. Kxg2 Bh3+ 0-1

[Event "Kiev Spring op"]
[Site "Kiev"]
[Date "2023.03.27"]
[Round "4"]
[White "Kruchak, Lesia"]
[Black "Prymak, Mykhailo"]
[Result "1-0"]
[WhiteElo "1780"]
[BlackElo "1407"]
[PlyCount "47"]
[EventDate "2023.03.25"]
[EventType "swiss"]
[EventRounds "9"]
[EventCountry "UKR"]
[SourceTitle "EXT 2024"]
[Source "ChessBase"]
[SourceDate "2023.10.10"]
[SourceVersion "1"]
[SourceVersionDate "2023.10.10"]
[SourceQuality "1"]

1. e4 c6 2. d4 d5 3. Nc3 dxe4 4. Nxe4 Bf5 5. Ng3 Bg6 6. h4 h6 7. h5 Bh7 8. Nf3 e6 9. Bd3 Bxd3 10. Qxd3 Nf6 11. Bf4 Nbd7 12. 0-0-0 Qb6 13. Ne4 Nxe4 14. Qxe4 0-0-0 15. Bg3 Nf6 16. Qe2 Qa5 17. Qe5 Qb6 18. Qe1 Be7 19. Rd3 Rd5 20. Ne5 Rxd4 21. Rxd4 Qxd4 22. Nxf7 Rf8 23. Qxe6+ Qd7 24. Qe5 1-0